000 00852nam a22002297a 4500
003 URS
005 20230125125935.0
008 230125b |||||||| |||| 00| 0 eng d
100 _93488
_aCoroña Rose Angie E.
_eAuthor
245 _aEstablishment of a Squid Sisig Stall in Binangonan Rizal
_cRose Angie E. Coroña, Zenith N. Delos, Santos,Jovy, Marie A. Gomez
260 _c2022
300 _axvi, 120 leaves
_c28 cm
336 _2rdacontent
_atext
337 _2rdamedia
_aunmediated
338 _2rdacarrier
_avolume
502 _aThesis
_bBachelor of Science in Business Administration
_cUniversity of Rizal System
_d2022
504 _aincludes bibliographical references
700 _93490
_aSantos Zenith N.
_eAuthor
700 _93491
_aGomez Jovy Marie A.
_eAuthor
700 _93492
_aGenuis R. San Pablo, MAT
_eAdviser
942 _2lcc
_cT
999 _c67906
_d67906